[Event "Montevideo La Proa 1800+ op"]
[Site "Montevideo"]
[Date "2022.04.10"]
[Round "4"]
[White "Kulik, Nicolas"]
[Black "Veljacic, Cristian"]
[Result "0-1"]
[WhiteElo "1743"]
[BlackElo "1931"]
[PlyCount "112"]
[EventDate "2022.04.09"]
[EventType "swiss"]
[EventRounds "5"]
[EventCountry "URU"]
[SourceTitle "EXT 2023"]
[Source "ChessBase"]
[SourceDate "2022.10.05"]
[SourceVersion "1"]
[SourceVersionDate "2022.10.05"]
[SourceQuality "1"]

1. e4 c5 2. Nf3 d6 3. d4 cxd4 4. Nxd4 Nf6 5. Nc3 g6 6. Be3 Bg7 7. f3 Nc6 8. Qd2 Bd7 9. 0-0-0 Rc8 10. g4 a6 11. g5 Nh5 12. Nxc6 Rxc6 13. Bd4 Qa5 14. Bxg7 Nxg7 15. Qd4 Qxg5+ 16. Kb1 0-0 17. h4 Qc5 18. Qxc5 Rxc5 19. Nd5 Re8 20. Bh3 Bxh3 21. Rxh3 Kf8 22. Rh2 h5 23. Rhd2 Ne6 24. f4 Rc4 25. f5 Nc7 26. b3 Nxd5 27. Rxd5 Rxe4 28. fxg6 fxg6 29. Rg5 Re6 30. Rf1+ Kg7 31. Rfg1 Kf7 32. Kb2 Rc8 33. c4 Rc5 34. Rxc5 dxc5 35. Rg5 b6 36. a4 a5 37. Rg3 Re4 38. Rh3 Kf6 39. Kc3 Kf5 40. Kd3 Kg4 41. Rh1 Rf4 42. Rg1+ Kf5 43. Rh1 Rf3+ 44. Kc2 e5 45. Rd1 Rf4 46. Rd6 Rxh4 47. Rxb6 g5 48. Rb8 g4 49. Rg8 Rh2+ 50. Kc1 h4 51. b4 axb4 52. Kb1 g3 53. Rf8+ Ke4 54. Rf1 g2 55. Rg1 Rh1 56. a5 Rxg1+ 0-1

[Event "Montevideo La Proa 1800+ op"]
[Site "Montevideo"]
[Date "2022.04.09"]
[Round "1"]
[White "Martinelli, Raul"]
[Black "Veljacic, Cristian"]
[Result "1/2-1/2"]
[WhiteElo "1725"]
[BlackElo "1931"]
[PlyCount "37"]
[EventDate "2022.04.09"]
[EventType "swiss"]
[EventRounds "5"]
[EventCountry "URU"]
[SourceTitle "EXT 2023"]
[Source "ChessBase"]
[SourceDate "2022.10.05"]
[SourceVersion "1"]
[SourceVersionDate "2022.10.05"]
[SourceQuality "1"]

1. d4 Nf6 2. Bf4 d6 3. e3 g6 4. h3 Bg7 5. Nf3 0-0 6. Be2 c5 7. c3 Qb6 8. Qb3 Be6 9. Qxb6 axb6 10. a3 Nc6 11. Nbd2 Na5 12. 0-0 Nb3 13. Nxb3 Bxb3 14. Nd2 Bd5 15. Bf3 Bxf3 16. Nxf3 Ra4 17. Rfe1 Ne4 18. Rad1 Rc8 19. Nd2 1/2-1/2

[Event "Montevideo La Proa 1800+ op"]
[Site "Montevideo"]
[Date "2022.04.09"]
[Round "3"]
[White "Veljacic, Cristian"]
[Black "Arean, Martin"]
[Result "0-1"]
[WhiteElo "1931"]
[BlackElo "2030"]
[PlyCount "106"]
[EventDate "2022.04.09"]
[EventType "swiss"]
[EventRounds "5"]
[EventCountry "URU"]
[SourceTitle "EXT 2023"]
[Source "ChessBase"]
[SourceDate "2022.10.05"]
[SourceVersion "1"]
[SourceVersionDate "2022.10.05"]
[SourceQuality "1"]

1. e4 c5 2. Nf3 d6 3. Bc4 Nf6 4. d3 Nc6 5. h3 e6 6. Nc3 Be7 7. 0-0 a6 8. a4 0-0 9. d4 d5 10. exd5 exd5 11. Ba2 c4 12. Re1 h6 13. Ne5 Bf5 14. Ne2 Rc8 15. Nxc6 Rxc6 16. Bb1 Qd7 17. c3 Ne4 18. Ng3 Nxg3 19. fxg3 Bxb1 20. Rxb1 Rg6 21. Bf4 Rc8 22. Re3 Rcc6 23. Qf3 Rge6 24. Rbe1 Rb6 25. Re5 Rxb2 26. Ra1 Rxe5 27. Bxe5 Qe6 28. g4 f6 29. Bg3 Re2 30. Rb1 Qe3+ 31. Qxe3 Rxe3 32. Be1 Bd8 33. Kf2 Re7 34. Bd2 Bc7 35. Kf3 b6 36. g3 g5 37. Be3 Kf7 38. h4 Ke8 39. hxg5 hxg5 40. Rh1 Kd7 41. Rh6 Re6 42. Bc1 Bd6 43. Be3 b5 44. axb5 axb5 45. Bd2 Be7 46. Rh8 Rb6 47. Rh7 Ke6 48. Rh6 Kf7 49. Rh7+ Kf8 50. Rh8+ Kf7 51. Rh7+ Ke6 52. Rh8 Kd7 53. Rh7 Ra6 0-1

[Event "Montevideo Glausura op"]
[Site "Montevideo"]
[Date "2019.11.22"]
[Round "6"]
[White "Diano, Gabriel"]
[Black "Veljacic, Cristian"]
[Result "1-0"]
[WhiteElo "1791"]
[BlackElo "1915"]
[PlyCount "91"]
[EventDate "2019.11.04"]
[EventType "swiss"]
[EventRounds "6"]
[EventCountry "URU"]
[SourceTitle "CBM 193 Extra"]
[Source "ChessBase"]
[SourceDate "2020.01.31"]
[SourceVersion "1"]
[SourceVersionDate "2020.01.31"]
[SourceQuality "1"]

1. e4 e5 2. Nf3 Nc6 3. d4 exd4 4. Nxd4 Bc5 5. Be3 Qf6 6. Nb5 Bxe3 7. fxe3 Qh4+ 8. g3 Qxe4 9. Nxc7+ Kd8 10. Nxa8 Qxh1 11. Qd6 Nge7 12. Nd2 Qd5 13. Qc7+ Ke8 14. Nc4 Kf8 15. Qd6 Qxd6 16. Nxd6 g6 17. Nc7 Ne5 18. 0-0-0 h5 19. Bh3 Kg7 20. Nce8+ Kh6 21. Rf1 f5 22. Bg2 b6 23. e4 Ba6 24. Re1 fxe4 25. Rxe4 N7c6 26. Rf4 Ne7 27. Be4 Bc4 28. Nxc4 Nxc4 29. Nf6 Ne5 30. Nd5 Nxd5 31. Bxd5 Kg7 32. Kd2 Rf8 33. Rxf8 Kxf8 34. Kc3 Ke7 35. Kd4 Kd6 36. c4 a5 37. b3 h4 38. gxh4 Nc6+ 39. Bxc6 dxc6 40. Ke4 Ke6 41. Kf4 Kf6 42. a3 c5 43. a4 Ke6 44. Kg5 Kf7 45. h5 gxh5 46. Kxh5 1-0

[Event "Montevideo Trebejos op 06"]
[Site "Montevideo"]
[Date "2019.06.26"]
[Round "3"]
[White "Olivera, Omar"]
[Black "Veljacic, Cristian"]
[Result "0-1"]
[WhiteElo "1246"]
[BlackElo "1915"]
[PlyCount "114"]
[EventDate "2019.06.19"]
[EventType "swiss"]
[EventRounds "7"]
[EventCountry "URU"]
[SourceTitle "EXT 2020"]
[Source "ChessBase"]
[SourceDate "2019.10.17"]
[SourceVersion "1"]
[SourceVersionDate "2019.10.17"]
[SourceQuality "1"]

1. d4 d5 2. Bf4 Nf6 3. Nf3 c5 4. e3 Bg4 5. h3 Bxf3 6. Qxf3 Nc6 7. c3 Qb6 8. Qe2 c4 9. Qc2 e6 10. Be2 Be7 11. 0-0 0-0 12. Nd2 Rac8 13. Bf3 Qa6 14. e4 dxe4 15. Nxe4 h6 16. Nxf6+ Bxf6 17. Rfe1 Ne7 18. Be4 Rfd8 19. Re3 Nd5 20. Bxd5 Rxd5 21. a3 Bg5 22. Bxg5 Rxg5 23. Rae1 Qc6 24. Qe4 Qxe4 25. Rxe4 Rb5 26. R1e2 Rc6 27. Rd2 Rd5 28. Re5 Rcd6 29. Rxd5 Rxd5 30. Re2 Rb5 31. Kf1 Kf8 32. Ke1 Ke7 33. Kd1 Kd6 34. Kc2 h5 35. Re3 Rf5 36. Re2 h4 37. b3 b5 38. b4 f6 39. Kd2 Kd5 40. Ke1 e5 41. dxe5 Rxe5 42. Rxe5+ Kxe5 43. g3 Ke4 44. Ke2 hxg3 45. fxg3 g5 46. h4 gxh4 47. gxh4 Kf4 48. Kf2 Kg4 49. Ke3 Kxh4 50. Kf4 a6 51. Kf5 Kg3 52. Ke4 Kg4 53. Ke3 f5 54. Ke2 Kg3 55. Kf1 f4 56. Kg1 f3 57. Kf1 f2 0-1

[Event "Montevideo Andrea Memorial 2nd"]
[Site "Montevideo"]
[Date "2017.06.20"]
[Round "5"]
[White "Toledo, Javier"]
[Black "Veljacic, Cristian"]
[Result "1-0"]
[WhiteElo "1886"]
[BlackElo "1942"]
[PlyCount "71"]
[EventDate "2017.06.01"]
[EventType "tourn"]
[EventRounds "7"]
[EventCountry "URU"]
[SourceTitle "EXT 2018"]
[Source "ChessBase"]
[SourceDate "2017.10.13"]
[SourceVersion "1"]
[SourceVersionDate "2017.10.13"]
[SourceQuality "1"]

1. e4 e5 2. Nf3 Nf6 3. Nc3 Nc6 4. Bb5 a6 5. Bxc6 dxc6 6. Nxe5 Bc5 7. 0-0 Be6 8. d3 Qe7 9. Qe2 0-0-0 10. Be3 h5 11. Bxc5 Qxc5 12. Nf3 Rh6 13. Qe3 Qe7 14. Kh1 Kb8 15. Ng5 Ng4 16. Qd2 Bc8 17. f3 Rg6 18. Nxf7 Nxh2 19. Kxh2 Qxf7 20. f4 Rg4 21. Qf2 h4 22. Rae1 Rf8 23. f5 g6 24. f6 Qe6 25. e5 Rf7 26. Qe3 Rg3 27. Rf3 Qg4 28. Qf4 Rxg2+ 29. Kh1 h3 30. Qxg4 Bxg4 31. Rf4 Be6 32. Re2 Bd5 33. Rxg2 hxg2+ 34. Kg1 Rh7 35. Ne4 Kc8 36. Kxg2 1-0

[Event "Montevideo Andrea Memorial 2nd"]
[Site "Montevideo"]
[Date "2017.06.15"]
[Round "4"]
[White "Veljacic, Cristian"]
[Black "Muniz, Gonzalo"]
[Result "1/2-1/2"]
[WhiteElo "1942"]
[BlackElo "1944"]
[PlyCount "58"]
[EventDate "2017.06.01"]
[EventType "tourn"]
[EventRounds "7"]
[EventCountry "URU"]
[SourceTitle "EXT 2018"]
[Source "ChessBase"]
[SourceDate "2017.10.13"]
[SourceVersion "1"]
[SourceVersionDate "2017.10.13"]
[SourceQuality "1"]

1. e4 e5 2. Nf3 Nc6 3. Bb5 a6 4. Ba4 Nf6 5. d3 b5 6. Bb3 Be7 7. 0-0 0-0 8. Re1 d6 9. c3 Na5 10. Bc2 c5 11. Nbd2 Re8 12. Nf1 Bf8 13. Bg5 h6 14. Bh4 Be6 15. Ne3 Be7 16. d4 cxd4 17. cxd4 Qc7 18. Rc1 Nc4 19. Nxc4 bxc4 20. Bb3 Qa5 21. Bxc4 Bxc4 22. Rxc4 Qxa2 23. Qc2 Rab8 24. Ra4 Qxb2 25. Qxb2 Rxb2 26. Rxa6 Rb4 27. Bxf6 Bxf6 28. Rxd6 exd4 29. g3 Rd8 1/2-1/2

[Event "Montevideo Andrea Memorial 2nd"]
[Site "Montevideo"]
[Date "2017.06.06"]
[Round "2"]
[White "Ibanez, Marcelo"]
[Black "Veljacic, Cristian"]
[Result "1-0"]
[WhiteElo "2013"]
[BlackElo "1942"]
[PlyCount "29"]
[EventDate "2017.06.01"]
[EventType "tourn"]
[EventRounds "7"]
[EventCountry "URU"]
[SourceTitle "EXT 2018"]
[Source "ChessBase"]
[SourceDate "2017.10.13"]
[SourceVersion "1"]
[SourceVersionDate "2017.10.13"]
[SourceQuality "1"]

1. d4 d5 2. Bf4 Nf6 3. e3 e6 4. Nf3 Be7 5. Bd3 0-0 6. Nbd2 c5 7. c3 Nc6 8. h4 h6 9. Ne5 Bd6 10. g4 Qc7 11. g5 Nd7 12. gxh6 Ndxe5 13. dxe5 Nxe5 14. Bxe5 Bxe5 15. hxg7 1-0

[Event "Montevideo Trebejos Autumn op"]
[Site "Montevideo"]
[Date "2017.05.08"]
[Round "6"]
[White "Barcelo Fraixanet, Mario"]
[Black "Veljacic, Cristian"]
[Result "0-1"]
[WhiteElo "1497"]
[BlackElo "1958"]
[PlyCount "54"]
[EventDate "2017.04.24"]
[EventType "swiss"]
[EventRounds "7"]
[EventCountry "URU"]
[SourceTitle "CBM 178 Extra"]
[Source "ChessBase"]
[SourceDate "2017.06.22"]
[SourceVersion "1"]
[SourceVersionDate "2017.06.22"]
[SourceQuality "1"]

1. e4 c5 2. Nf3 g6 3. g3 Bg7 4. Bg2 Nc6 5. d3 d6 6. 0-0 Nf6 7. Nbd2 0-0 8. c3 e5 9. Re1 h6 10. Nf1 d5 11. Qc2 Be6 12. Ne3 d4 13. Nc4 Qc7 14. a4 Nd7 15. Na3 a6 16. Bd2 Rab8 17. c4 Nb4 18. Qb3 b5 19. axb5 axb5 20. Qd1 Nxd3 21. Ba5 Qxa5 22. Qxd3 bxc4 23. Nxc4 Bxc4 24. Qxc4 Qb5 25. Qxb5 Rxb5 26. Rab1 Rfb8 27. Re2 c4 0-1

[Event "Montevideo Trebejos Autumn op"]
[Site "Montevideo"]
[Date "2017.05.03"]
[Round "4"]
[White "Veljacic, Cristian"]
[Black "Belistri, Ubaldo"]
[Result "0-1"]
[WhiteElo "1958"]
[BlackElo "1881"]
[PlyCount "58"]
[EventDate "2017.04.24"]
[EventType "swiss"]
[EventRounds "7"]
[EventCountry "URU"]
[SourceTitle "CBM 178 Extra"]
[Source "ChessBase"]
[SourceDate "2017.06.22"]
[SourceVersion "1"]
[SourceVersionDate "2017.06.22"]
[SourceQuality "1"]

1. e4 d6 2. d4 Nf6 3. Nc3 g6 4. f3 Bg7 5. Be3 Nbd7 6. Bc4 e5 7. Nge2 0-0 8. Qd2 Re8 9. 0-0-0 Nb6 10. Bb3 Be6 11. d5 Bd7 12. g4 Bf8 13. h4 c6 14. h5 cxd5 15. hxg6 fxg6 16. Ng3 Nc4 17. Bxc4 dxc4 18. Qh2 Re7 19. g5 Ne8 20. Nd5 Rf7 21. f4 exf4 22. Nxf4 Be7 23. Nxg6 Bxg5 24. Nf4 Qe7 25. Rdg1 Rxf4 26. Kb1 Rg4 27. Bxg5 Rxg5 28. Qh6 Qg7 29. Qh2 Nf6 0-1

[Event "Montevideo Cuartos Trebejos"]
[Site "Montevideo"]
[Date "2017.01.23"]
[Round "4.4"]
[White "Vinella, Marcelo"]
[Black "Veljacic, Cristian"]
[Result "0-1"]
[WhiteElo "1803"]
[BlackElo "1914"]
[PlyCount "38"]
[EventDate "2017.01.16"]
[EventType "swiss"]
[EventRounds "6"]
[EventCountry "URU"]
[SourceTitle "EXT 2024"]
[Source "ChessBase"]
[SourceDate "2023.10.10"]
[SourceVersion "1"]
[SourceVersionDate "2023.10.10"]
[SourceQuality "1"]

1. b3 e5 2. Bb2 Nc6 3. e3 d5 4. Bb5 Bd6 5. Nf3 Qe7 6. c4 Nf6 7. cxd5 Nxd5 8. Bxc6+ bxc6 9. Nc3 e4 10. Nxd5 cxd5 11. Nd4 Qg5 12. Qc2 Bd7 13. Nc6 a5 14. Qc3 a4 15. b4 0-0 16. a3 f6 17. 0-0-0 Ra6 18. h4 Qxg2 19. Rdg1 Qxg1+ 0-1

[Event "Montevideo Cuartos Trebejos"]
[Site "Montevideo"]
[Date "2017.01.16"]
[Round "1.2"]
[White "Veljacic, Cristian"]
[Black "Kaciusis, Daniel"]
[Result "1-0"]
[WhiteElo "1914"]
[BlackElo "1657"]
[PlyCount "59"]
[EventDate "2017.01.16"]
[EventType "swiss"]
[EventRounds "6"]
[EventCountry "URU"]
[SourceTitle "EXT 2024"]
[Source "ChessBase"]
[SourceDate "2023.10.10"]
[SourceVersion "1"]
[SourceVersionDate "2023.10.10"]
[SourceQuality "1"]

1. e4 c5 2. Nf3 Nc6 3. d4 cxd4 4. Nxd4 d6 5. c4 Nf6 6. Nc3 Bg4 7. f3 Bh5 8. Be3 e6 9. Qd2 Be7 10. Be2 a6 11. 0-0 0-0 12. g4 Bg6 13. g5 Nxd4 14. Qxd4 Nd7 15. f4 f5 16. Rad1 Nc5 17. e5 dxe5 18. Qxe5 Qc8 19. Nd5 Bd8 20. Bd4 Rf7 21. Nc3 b6 22. Qe3 Re7 23. Bf3 Raa7 24. Rd2 Nd7 25. Rfd1 Be8 26. Bf6 gxf6 27. gxf6 Rf7 28. Qxe6 Bxf6 29. Bh5 Bxc3 30. bxc3 1-0

[Event "Montevideo Trebejos op 11"]
[Site "Montevideo"]
[Date "2016.11.24"]
[Round "6"]
[White "Veljacic, Cristian"]
[Black "Vaz Lacuesta, Leonardo"]
[Result "0-1"]
[WhiteElo "1955"]
[BlackElo "2102"]
[PlyCount "122"]
[EventDate "2016.11.14"]
[EventType "swiss"]
[EventRounds "7"]
[EventCountry "URU"]
[SourceTitle "EXT 2018"]
[Source "ChessBase"]
[SourceDate "2017.10.13"]
[SourceVersion "1"]
[SourceVersionDate "2017.10.13"]
[SourceQuality "1"]

1. d4 g6 2. c4 Bg7 3. Nf3 d6 4. e4 Nd7 5. Nc3 c6 6. Be2 Qc7 7. Bf4 e5 8. Bg3 Ne7 9. 0-0 0-0 10. b4 Rd8 11. dxe5 dxe5 12. Qb3 Nf8 13. h3 h6 14. Rac1 Be6 15. Nd5 Bxd5 16. cxd5 Qd6 17. Rfd1 cxd5 18. exd5 Nd7 19. a3 Rac8 20. Bc4 Nb6 21. Nd2 f5 22. f3 Kh8 23. Bf2 Nexd5 24. Ne4 fxe4 25. fxe4 Rc7 26. Bxd5 Nxd5 27. Rxc7 Qxc7 28. exd5 b6 29. Qd3 Rd6 30. Be3 Qf7 31. b5 Qd7 32. a4 Qf5 33. Qxf5 gxf5 34. g3 Kh7 35. Bc1 Kg6 36. Ba3 Rd7 37. Kg2 e4 38. Bc1 Be5 39. Be3 h5 40. h4 Kf6 41. Bg5+ Kf7 42. Kf2 Ke8 43. Be3 Rg7 44. Bg5 Rc7 45. d6 Rc2+ 46. Kf1 Kd7 47. Rd5 Bxg3 48. Rxf5 Kxd6 49. Rf7 Rc7 50. Rf6+ Kc5 51. Rf5+ Kb4 52. Bd2+ Kxa4 53. Rxh5 Rc5 54. Rh7 Kxb5 55. Rxa7 Bxh4 56. Rh7 Bg5 57. Bxg5 Rxg5 58. Re7 Rg4 59. Ke2 Kb4 60. Ke3 b5 61. Rc7 Kb3 0-1